000 00314nam a2200121Ia 4500
005 20251222143153.0
008 251222s9999||||xx |||||||||||||| ||spa||
020 _a981-05-5928-3
082 _a658.11/C77/Ej.2
245 0 _aFormalización y Financiamiento de la MYPE:
264 _bAPEC - Secretaria
942 _cLIB
999 _c12783
_d12783